000 00813nam a2200253 i 4500
003 DO-SdBNP
005 20231020090247.0
006 a||||gr|||| 00| 0
007 ta
008 231019e2016 dr ||||| |||| 00| 0 spa d
020 _a9789945141276
040 _aDO-SdBNP
_bspa
_cBNPHU
_erda
082 4 _222
_bS159d
100 1 _aSaladin Selin, Roberto B.,
_d1936-
_96281
_eautor
245 1 0 _aDiario económico:
_b(1992 - 1995). /
_cRoberto B. Saladín Selin
264 _aSanto Domingo :
_bCorripio,
_c2016
300 _a462 páginas ;
_b23 cm.
_e23 cm.
336 _2rdacontent
_atexto
_btxt
337 _2rdamedia
_asin mediación
_bn
338 _2rdacarrier
_avolumen
_bnc
500 _aIncluye datos biográficos del autor en la solapa de la cubierta.
590 _aInventariado 2023 / MF
942 _2ddc
_cLBS1
999 _c55203
_d55203